Classical electrodynamics (Record no. 36193)

MARC details
000 -LEADER
fixed length control field 00711 a2200229 4500
003 - CONTROL NUMBER IDENTIFIER
control field IN-BaIIA
005 - DATE AND TIME OF LATEST TRANSACTION
control field 20260608111412.0
008 - FIXED-LENGTH DATA ELEMENTS--GENERAL INFORMATION
fixed length control field 260608b |||||||| |||| 00| 0 eng d
020 ## - INTERNATIONAL STANDARD BOOK NUMBER
International Standard Book Number 978-3-031-86784-2
040 ## - CATALOGING SOURCE
Transcribing agency IIA Library
080 ## - UNIVERSAL DECIMAL CLASSIFICATION NUMBER
Universal Decimal Classification number 537.8
Item number CAD
100 ## - MAIN ENTRY--PERSONAL NAME
Personal name Cadiz fabian
9 (RLIN) 49428
245 ## - TITLE STATEMENT
Title Classical electrodynamics
Remainder of title fundamentals and applications
Statement of responsibility, etc. Fabian Cadiz and Arnaud Couairon
260 ## - PUBLICATION, DISTRIBUTION, ETC.
Place of publication, distribution, etc. Switzerland
Name of publisher, distributor, etc. Springer
Date of publication, distribution, etc. 2025
300 ## - PHYSICAL DESCRIPTION
Extent xxiv, 1168p.
490 ## - SERIES STATEMENT
Series statement Undergraduate texts in physics
650 ## - SUBJECT ADDED ENTRY--TOPICAL TERM
Topical term or geographic name entry element Coulomb's theorem
9 (RLIN) 49442
650 ## - SUBJECT ADDED ENTRY--TOPICAL TERM
Topical term or geographic name entry element electrostatic energy
9 (RLIN) 49443
650 ## - SUBJECT ADDED ENTRY--TOPICAL TERM
Topical term or geographic name entry element Carendish's experiment
9 (RLIN) 49444
700 ## - ADDED ENTRY--PERSONAL NAME
Personal name Couairon, Arnaud
9 (RLIN) 49445
942 ## - ADDED ENTRY ELEMENTS (KOHA)
Source of classification or shelving scheme Universal Decimal Classification
Koha item type Books
Holdings
Withdrawn status Lost status Source of classification or shelving scheme Damaged status Not for loan Home library Current library Shelving location Date acquired Source of acquisition Cost, normal purchase price Total Checkouts Full call number Barcode Date last seen Cost, replacement price Price effective from Koha item type
    Dewey Decimal Classification     IIA Library-Bangalore IIA Library-Bangalore General Stacks 14/05/2026 37 11190.88   537.8/ CAD 21058 14/05/2026 11190.88 14/05/2026 Books

Powered by Koha